| 000 | 00566nam a2200169 i 4500 | ||
|---|---|---|---|
| 001 | 22031 | ||
| 003 | ES-MaACL | ||
| 007 | t| | ||
| 008 | 021129s1961 sp ||||1| spa d | ||
| 100 | 1 |
_aAlfaro Segovia, Enrique. _919820 |
|
| 245 | 1 | 0 |
_aCurso de magnetismo y electricidad / _cpor Enrique Alfaro Segovia. |
| 250 | _a6ª ed. | ||
| 260 |
_aMadrid : _bEscuela Técnica Superior de Ingenieros Industriales, _c1961. |
||
| 300 |
_a547 p. : _bil. ; _c24 cm. |
||
| 710 | 2 |
_aEscuela Técnica Superior de Ingenieros Industriales. _93612 |
|
| 852 |
_aES-MaACL _jB-4662 _bR.48048 |
||
| 999 |
_c22031 _d22031 |
||